00465nam a2200193Ia 4500008004100000020001800041245001700059245003400076245002100110260001500131260002200146260000900168300001500177300002500192300001000217440001700227500000800244999001900252170705s9999 xx 000 0 und d a9780531284636 aHenry Ford : bfather of the auto industry / cby Josh Gregory. aNew York : bChildren's Press, c2014 a48 pages : bcolor illustration ; c22cm. aA true book. a960 c337057d337057